000 00352nam a2200121Ia 4500
008 220204s9999 xx 000 0 und d
020 _a:8121209714
082 _a915(540)HAR
_bSES.1
100 _aSeshagiri, N
245 0 _aEncyclopaedia of cities and towns in India. 27v. V.1. Haryana
260 _aNew Delhi
_bGyan Publishing House
_c2008
942 _cBK
999 _c42765
_d42765